00778nam a2200205 a 450000100100000000500170001000800410002702000150006804000250008308200210010810000290012924500830015826000360024130000210027750000620029850000730036050400310043365100480046465100600051200002102720200930011220.0100830s2004 dr 000 0 spa d a9993479055 aDO-SdBNPbspacBNPHU a972.93054bP343o1 aPayano-Safadit, Pedro N.13aEl otro abril :bcrisis político-social del 1984 /cPedro N. Payano-Safadit. aSanto Domingo :bBúho,c2004. a204 p. ;c24 cm. aIncluye datos biográficos del autor en la contraportada aIncluye referencias bibliográficas y notas al pie de las páginas aBibliografía: p. 203-204 4aRepública DominicanaxHistoriay1982-1986 4aRepública DominicanaxCondiciones Económicasy1961-